[Event "IV Niterói Chess Open 2024"]
[Site "Rio de Janeiro"]
[Date "2024.08.29"]
[Round "2"]
[Board "51"]
[White "Jurado, Laura Alves"]
[Black "Moreira, Paulo Vinicius Macedo"]
[Result "0-1"]
[WhiteElo "1612"]
[BlackElo "1797"]
[Annotator "Chessbase"]
[PlyCount "76"]
[EventDate "2024.08.28"]
[EventRounds "7"]
[EventCountry "BRA"]

1. d4 {Mekhitarian,Krikor Sevag} d5 2. Bf4 Nf6 3. e3 e6 4. c3 ({RR} 4. c4) 4... Bd6 5. Bg3 c5 6. Nd2 Nc6 7. Ngf3 O-O 8. Bd3 ({RR} 8. Bb5 a6 9. Bxc6 bxc6 10. Ne5 Qc7 11. Nd3 c4 12. Bxd6 Qxd6 13. Nc5 e5 14. b3 cxb3 15. axb3 Re8 16. O-O Ng4 17. g3 Qh6 18. h4) 8... b6 9. Ne5 Bb7 10. f4 Ne7 11. Qf3 ({RR} 11. Qc2 c4 12. Be2 Nf5 13. Bf2 Be7 14. Ng4 Nxg4 15. Bxg4 Nd6 16. f5 exf5 17. Bxf5 Nxf5 18. Qxf5 Qc8 19. Qf3 b5 20. h4 a5 21. h5 h6) 11... Nf5 12. Bf2 Be7 13. g4 ({RR} 13. O-O Nd6) 13... Nd6 14. g5 Nfe4 15. h4 ({RR} 15. O-O-O c4 16. Bc2 ({RR} 16. Bxe4 dxe4 17. Qe2 b5 18. h4 Bd5 ({RR} 18... f6 19. gxf6 gxf6 20. Rdg1+ Kh8 21. Ng6+ hxg6 22. Rxg6 Rf7 23. Rh6+ Kg7 24. Qh5) 19. Kb1 Rb8 ({RR} 19... b4 20. cxb4 a5 ({RR} 20... Qb6 21. Ndxc4 Nxc4 22. Nxc4 Qxb4 23. Rc1 Rfc8 24. Ne5) 21. Ndxc4 axb4 22. b3) ({RR} 19... Qe8 20. h5 f6 21. gxf6 gxf6 22. Rdg1+ ({RR} 22. Rhg1+ Kh8 23. Qg4 Rg8) 22... Kh8 23. Qg4 Rg8 24. Ng6+) 20. Rc1 a5 21. h5 Nf5) 16... b5 17. Qh3 b4 18. Nxe4 dxe4 19. Be1 Bd5 20. Rg1 ({RR} 20. cxb4 a5 21. bxa5 ({RR} 21. b5 Nxb5) 21... c3 22. Bxc3 Rc8 23. Kd2 Nb5 24. Bb3 Nxc3 25. bxc3 Rxc3 26. Rc1 ({RR} 26. Kxc3 Qxa5+ 27. Kb2 Bxb3) 26... Bb4 27. Rxc3 Bxc3+ 28. Ke2 ({RR} 28. Kxc3 Qxa5+ 29. Kb2 Qd2+ 30. Kb1 Bxb3 31. axb3 Rb8) 28... Qxa5) 20... b3 21. axb3 cxb3 22. Bb1 f5 ({RR} 22... Rc8 23. Ng4 ({RR} 23. Rg4 Nf5) 23... Nf5 24. Nf6+ ({RR} 24. Nh6+ gxh6 25. gxh6+ Kh8) 24... Bxf6 25. gxf6 Qxf6) 23. gxf6 Bxf6 24. Rg4 ({RR} 24. Ng4 a5 25. Nxf6+ Qxf6) 24... Nf5 25. Kd2 ({RR} 25. c4 Bxc4 26. Nxc4 ({RR} 26. Bxe4 Rc8 27. Kb1 Bxe5 28. fxe5 Qb6) 26... Rc8 27. Bc3 Rxc4 28. Bxe4 ({RR} 28. Kd2 Rxc3 29. bxc3 ({RR} 29. Kxc3 Qa5+ 30. Kxb3 Rb8+ 31. Kc2 Rc8+) 29... Qa5 30. Rgg1 Rc8 31. Rc1 Qa3 32. Bxe4 Qa2+ 33. Kd3 b2) 28... Qa5 ({RR} 28... Rxc3+ 29. bxc3 Qa5 30. Rg2 Qxc3+ 31. Kb1) 29. Bd3 ({RR} 29. Kd2 Rxc3 30. bxc3 Rc8) 29... Rxc3+ 30. bxc3 Qxc3+ ({RR} 30... Rc8 31. Rg2 Rxc3+ 32. Kb1) 31. Kb1 a5) 25... Qa5 26. Ke2 Bxe5 27. dxe5 Rad8 28. Kf2 Qa1 29. Bd2 Bc4 {0-1 Karjakin,S (2769)-Adams,M (2744) Tata Steel-A 78th 2016 (10)}) 15... Qc7 $146 ({RR} 15... cxd4 16. exd4 Nxd2 17. Kxd2 Ne4+ 18. Kc2 Bd6 19. Be3 Qc7 20. Rac1 f5 21. gxf6 gxf6 22. Ng4 f5 23. Ne5 Kh8 24. Rcg1 Rac8 25. Bd2 Nxd2 26. Kxd2 Bxe5 27. fxe5 Qf7 28. Qf4 Rg8 29. Rg5 Rxg5 30. hxg5 {1-0 Golovankov,V (2282)-Nikolaev,Y (2096) St Petersburg Chigorin CC-ch 2008 (8)}) ({RR} 15... b5 16. h5 cxd4 17. exd4 f6 18. Ng6 Re8 19. Be3 fxg5 20. Bxe4 dxe4 21. Qg4 gxf4 22. Nxf4 Bf6 23. Rg1 Qe7 24. Ng2 Rac8 25. a3 a5 26. Nxe4 Bxe4 27. Rd1 {0-1 Sanchez Murcia,D (1828)-Ribera Veganzones,J (2203) IV Llinars Int Open 2024 (1.10)}) ({RR} 15... Nxd2 16. Kxd2 Ne4+ 17. Ke2 f6 18. gxf6 Bxf6 19. Rag1 Qc8 20. Ng4 Ba6 21. Qg2 Bxd3+ 22. Kxd3 Qd7 23. h5 cxd4 24. exd4 Kh8 25. Be3 Rac8 26. Ne5 Bxe5 27. fxe5 Rf5 28. Rh4 Rc7 29. Bh6 Qf7 30. Rg4 {0-1 Camp,I (1850)-Roberson,P (2429) South Wales op 16th 2019 (1)}) ({RR} 15... Nxd2 16. Kxd2 Ne4+ 17. Ke2 cxd4 18. exd4 Bd6 19. Qh3 Qc8 20. Rag1 Bxe5 21. fxe5 Ba6 22. h5 Bxd3+ 23. Qxd3 b5 24. Be1 Qc4 25. Qxc4 bxc4 26. Kd1 Rab8 27. Kc1 Kh8 28. h6 gxh6 29. Rxh6 Rg8 30. Rgh1 {½-½ Domenech,V (2094)-Ollier,P (2293) FRA-ch Accession 2010 (8)}) 16. h5 cxd4 17. exd4 Nxd2 18. Kxd2 Nc4+ 19. Kc2 Nxe5 20. fxe5 Bxg5 21. Rag1 h6 22. Be3 f6 23. Qh3 Qe7 24. exf6 gxf6 25. Rh2 Bc8 26. Qf3 Qd6 27. Rhg2 Bd7 28. Qe2 Rab8 29. Qd2 Qe7 30. Bxg5 fxg5 31. Rxg5+ hxg5 32. Rxg5+ Kh8 33. Rg6 Rf7 34. Qh6+ Rh7 35. Qf4 e5 36. dxe5 Rf8 37. Rf6 Rh6 38. Qxh6+ Kg8 0-1

[Event "IV Niterói Chess Open 2024"]
[Site "Rio de Janeiro"]
[Date "2024.08.29"]
[Round "3"]
[Board "60"]
[White "Da Silva, Rodrigo Haydt"]
[Black "Moreira, Everaldo Bonifacio"]
[Result "1/2-1/2"]
[WhiteElo "1504"]
[BlackElo "1709"]
[Annotator "Chessbase"]
[PlyCount "49"]
[EventDate "2024.08.28"]
[EventRounds "7"]
[EventCountry "BRA"]

1. d4 {Finkel,Alexander} d5 2. Bf4 c6 3. e3 Qb6 4. Qc1 Bf5 5. Nd2 Nf6 6. Ngf3 e6 7. c4 ({RR} 7. Be2 Nbd7 8. h3 Be7 ({RR} 8... h6 9. O-O Be7 10. Ne5 Nxe5 11. Bxe5 O-O 12. c4 a5 13. cxd5 exd5 14. Rd1 Nd7 15. Bg3 Be6) 9. O-O O-O ({RR} 9... Ne4 10. Nxe4 Bxe4 11. c4 f6 12. c5 Qd8 13. b4 g5 14. Bh2 h5 15. Nd2 Bf5 16. Qd1) 10. Nh4 ({RR} 10. c4) 10... Be4 11. f3 Bg6 12. Nxg6 hxg6 13. c3 ({RR} 13. c4 c5) 13... e5 14. Bg5 ({RR} 14. Bg3 exd4 15. cxd4 c5 16. Nb3 Rac8 17. dxc5 Nxc5 18. Qd1 Nxb3 19. Qxb3 Qxb3 20. axb3 Bc5) ({RR} 14. dxe5 Nh5 15. Kh1 Nxf4 16. exf4 Qe3 17. Re1 Qxf4 18. Nb3 Qxc1 19. Raxc1 Bh4) 14... Rfe8 15. Re1 c5 16. dxe5 Nxe5 17. f4 Nc6 18. Bf3 Rad8 19. Bxf6 ({RR} 19. c4) 19... Bxf6 20. Kh2 ({RR} 20. e4 Bh4 21. Re2 ({RR} 21. Rd1 dxe4 22. Nxe4 c4+ 23. Kh1 Rxd1+ 24. Qxd1 Qxb2 25. Qb1 Qxb1+ 26. Rxb1 Na5) 21... d4 22. e5) 20... g5 21. Qc2 c4 {0-1 Gustafsson,J (2615)-Tregubov,P (2583) Bundesliga 0506 2005 (8.1)} {RR} 22. Nf1 gxf4 23. exf4 d4) 7... Nbd7 ({RR} 7... Be7 8. Nh4 Be4 9. f3 Bg6 10. c5 Qd8 11. Nxg6 hxg6 12. g4 Nbd7 13. Bg3 Nh7 14. b4 a6 15. Nb3 Bh4 16. Bd3 Ng5 17. Ke2 Bxg3 18. hxg3 Ke7 19. f4 Ne4 20. Bxe4 dxe4 21. g5 f5 22. Na5 {1-0 Abasov,N (2643)-Pakleza,Z (2496) Titled Tue 3rd Jan Early 2023 (7)}) 8. a3 a5 9. b4 $146 ({RR} 9. c5 Qa7 10. Be2 b5 11. Nh4 Be4 12. f3 Bg6 13. Nxg6 hxg6 14. Qc2 Nh5 15. Bg5 Be7 16. Bxe7 Kxe7 17. Kf2 e5 18. Rhe1 Kf8 19. Rac1 exd4 20. exd4 Qc7 21. Nf1 Qf4 22. Qd2 Ndf6 23. Kg1 Qxd2 {1-0 Andrade Sandoval,J (1971)-Corral Aragon,J (1852) Madrid-ch Previa-B 2018 (6)}) 9... Be7 10. c5 Qd8 11. Be2 O-O 12. O-O Nh5 13. Ne5 Nxf4 14. exf4 h6 15. Qc3 f6 16. Nxd7 Qxd7 17. Qg3 a4 18. Bd3 Bxd3 19. Qxd3 Kf7 20. Rfe1 f5 21. Nf3 Bf6 22. Ne5+ Bxe5 23. fxe5 g5 24. f3 Kg7 25. g4 1/2-1/2

[Event "IV Niterói Chess Open 2024"]
[Site "Rio de Janeiro"]
[Date "2024.08.30"]
[Round "4"]
[Board "61"]
[White "Jurado, Laura Alves"]
[Black "Pfitzner, Paulo Henrique"]
[Result "1-0"]
[WhiteElo "1612"]
[BlackElo "1705"]
[Annotator "Chessbase"]
[PlyCount "63"]
[EventDate "2024.08.28"]
[EventRounds "7"]
[EventCountry "BRA"]

1. d4 d5 2. Bf4 Nc6 3. e3 e6 4. Nf3 h6 ({RR} 4... Nge7 5. Be2 Ng6 6. Bg3 Bd6 7. Bxd6 Qxd6 8. O-O O-O 9. c4 dxc4 10. Nbd2 Na5 11. Nxc4 Nxc4 12. Bxc4 b6 13. Rc1 Bb7 14. Bd3 Rac8 15. a3 e5 16. Bxg6 Qxg6 17. d5 Qe4 18. d6 cxd6 19. Qxd6 {1-0 Lentrodt,T (2265)-Riediger,M (2280) Bayern-chA 67th 1996}) 5. c3 ({RR} 5. Nbd2 Nf6 6. Bd3 Be7 7. c3 O-O 8. Ne5 Bd7 9. Bg3 Nxe5 10. dxe5 Bc6 11. exf6 {1-0 Perez Ruiz,J (1669)-Rojas Da Silva,E Tinaquillo Cojedes op 2022 (2)}) 5... Nf6 $146 ({RR} 5... Bd6 6. Bg3 Nf6 7. Nbd2 Bxg3 8. hxg3 a6 9. Bd3 Bd7 10. Qe2 Qe7 11. Nb3 O-O-O 12. Bxa6 Na7 13. Nc5 Bc6 14. Ne5 Nd7 15. Nxc6 Nxc6 16. Nxb7 Kb8 17. Nxd8 Rxd8 18. Qb5+ {1-0 Guindon,A (1414)-Cyr,M (1384) Montreal Mercredi 02 2008 (1)}) ({RR} 5... Bd6 6. Bg3 Nf6 7. Nbd2 a6 8. Bd3 Ne7 9. Ne5 Nf5 10. Bxf5 exf5 11. Nd3 Ne4 12. Be5 Nxd2 13. Qxd2 Be6 14. O-O f6 15. Bxd6 cxd6 16. Nf4 Bf7 17. Qc2 Qd7 18. a4 g5 19. Ne2 Rc8 20. Rfb1 {1-0 Bareth,W (1846)-Alicke,M (1571) Bad Woerishofen Seniors op 18th 2002 (1)}) ({RR} 5... Bd6 6. Bb5 Bxf4 7. exf4 Qf6 8. g3 Bd7 9. Ne5 Nxe5 10. fxe5 Qe7 11. Bxd7+ Qxd7 12. Qd3 Ne7 13. Nd2 f6 14. f4 O-O-O 15. O-O-O Qa4 16. Kb1 f5 17. Nb3 b6 18. Kc2 Kb8 19. Ra1 Rc8 20. Kd2 {0-1 Kleimann,L (1137)-Gaupel,M (1361) Steinfurt Bezirksliga 1718 2017 (4.8)}) 6. Bd3 Ne4 7. Nbd2 g5 8. Be5 Nxe5 9. Nxe5 Nxd2 10. Qxd2 Bd6 11. O-O Bxe5 12. dxe5 g4 13. f3 gxf3 14. Rxf3 Bd7 15. Raf1 Rf8 16. Bg6 Qe7 17. Qf2 O-O-O 18. Rxf7 Rxf7 19. Qxf7 Qg5 20. Rf3 Qxe5 21. Qf4 Qh8 22. e4 e5 23. Qe3 d4 24. cxd4 exd4 25. Qd2 Bb5 26. Qa5 a6 27. Rf7 Rd7 28. Bf5 b6 29. Bxd7+ Bxd7 30. Qd5 c6 31. Qxd7+ Kb8 32. Qb7# 1-0

[Event "IV Niterói Chess Open 2024"]
[Site "Rio de Janeiro"]
[Date "2024.08.29"]
[Round "3"]
[Board "38"]
[White "Chaves, Jorge Antonio Torres"]
[Black "Cunha, Rodrigo Azalim"]
[Result "1/2-1/2"]
[WhiteElo "1924"]
[BlackElo "1624"]
[Annotator "Chessbase"]
[PlyCount "119"]
[EventDate "2024.08.28"]
[EventRounds "7"]
[EventCountry "BRA"]

1. d4 d5 2. Nf3 Nf6 3. Bg5 e6 4. Nbd2 Be7 5. e3 h6 6. Bh4 O-O 7. Bd3 b6 8. Qe2 Bb7 9. Ne5 c5 10. c3 Nc6 11. O-O Nxe5 12. dxe5 Nd7 13. Bxe7 Qxe7 14. f4 f6 $146 ({RR} 14... f5 15. g4 g6 16. Rf3 Rf7 17. Rg3 Rg7 18. h3 Kh7 19. Kh2 Rag8 20. Rag1 c4 21. Bc2 Nc5 22. Nf3 Ne4 23. R3g2 b5 24. Nd4 a6 25. Qe1 Bc8 26. h4 h5 27. Bxe4 dxe4 28. gxh5 gxh5 29. Rg5 {1-0 Matlakov,M (2662)-Sherman,R (2295) Titled Tue 9th Jan Late 2024 (6)}) 15. exf6 Rxf6 16. e4 e5 17. exd5 Bxd5 18. c4 Bc6 19. Rae1 Re8 20. Qh5 Qf7 21. Qxf7+ Kxf7 22. Be4 exf4 23. Bd5+ Bxd5 24. Rxe8 Kxe8 25. cxd5 g5 26. Ne4 Rg6 27. h4 Ne5 28. h5 Rg7 29. Rd1 Ng4 30. a4 Rd7 31. d6 Kf7 32. a5 Nf6 33. Nc3 Nxh5 34. axb6 axb6 35. Na4 Ke6 36. Re1+ Kxd6 37. Nxb6 Rb7 38. Rd1+ Kc6 39. Nc4 Rb4 40. b3 Ng3 41. Rd6+ Kc7 42. Rxh6 Rxb3 43. Rh7+ Kd8 44. Kf2 Rc3 45. Nd6 c4 46. Nf7+ Ke8 47. Nxg5 Rc1 48. Kf3 Rf1+ 49. Kg4 c3 50. Rc7 Ne2 51. Ne6 Rc1 52. Kg5 Ng3 53. Kxf4 Nf1 54. Nd4 Rd1 55. Ne6 Re1 56. Kf5 Ng3+ 57. Kf6 Re2 58. Ng7+ Kd8 59. Ne6+ Ke8 60. Ng7+ 1/2-1/2

[Event "IV Niterói Chess Open 2024"]
[Site "Rio de Janeiro"]
[Date "2024.08.30"]
[Round "4"]
[Board "56"]
[White "Andriska, Matheus Jose Amante"]
[Black "Santiago, Mauro"]
[Result "1/2-1/2"]
[WhiteElo "1495"]
[BlackElo "1711"]
[Annotator "Chessbase"]
[PlyCount "58"]
[EventDate "2024.08.28"]
[EventRounds "7"]
[EventCountry "BRA"]

1. d4 d5 2. Nf3 Nf6 3. e3 e6 4. Bd3 c5 5. dxc5 Bxc5 6. O-O O-O 7. Nbd2 Nc6 8. b3 e5 9. e4 Bg4 $146 ({RR} 9... d4 10. Nc4 Qc7 11. a4 a6 12. Bg5 Be7 13. a5 Bg4 14. h3 Bh5 15. Bxf6 Bxf6 16. Be2 Bg6 17. Nfd2 Nb4 18. Bd3 Be7 19. Nb6 Rad8 20. Ndc4 Bc5 21. Qd2 Qe7 22. Qe2 Qe6 23. Kh2 Rfe8 24. g3 {½-½ Bakos,B (1704)-Nagy Dani,K (2022) Heves Fregatt op 4th 2001 (6.7)}) 10. exd5 Nxd5 11. Bb2 Nf4 12. Bc4 Qb6 13. Qe1 Rae8 14. Qe4 Bxf3 15. Nxf3 Ng6 16. Rad1 Kh8 17. Nh4 Nd4 18. Nxg6+ fxg6 19. c3 Rf4 20. Qe1 Nf5 21. Bc1 Rg4 22. Qe2 h5 23. b4 Be7 24. Qxe5 Rxc4 25. Rd3 Qc6 26. Re1 Qf6 27. Qxf6 gxf6 28. a3 Kg7 29. Bd2 Kf7 1/2-1/2

[Event "IV Niterói Chess Open 2024"]
[Site "Rio de Janeiro"]
[Date "2024.08.29"]
[Round "2"]
[Board "53"]
[White "Bonilla Viamonte, Diego Armando"]
[Black "Videira, Matheus Martins"]
[Result "0-1"]
[WhiteElo "1777"]
[BlackElo "1830"]
[Annotator "Chessbase"]
[PlyCount "53"]
[EventDate "2024.08.28"]
[EventRounds "7"]
[EventCountry "BRA"]

1. d4 d5 2. c4 c6 3. Nf3 Bf5 4. Nc3 e6 5. Bg5 Be7 6. Bxe7 Qxe7 7. cxd5 cxd5 8. e3 Nc6 9. a3 a6 10. Bd3 Bxd3 11. Qxd3 Nf6 12. O-O O-O 13. b4 $146 ({RR} 13. Rfc1 Na5 14. Nd2 Rac8 15. b4 Nc4 16. Na4 Nxd2 17. Qxd2 Ne4 18. Qe1 h6 19. Nc5 Nd6 20. h3 Rc7 21. a4 Rfc8 22. a5 Nb5 23. Nd3 Rc6 24. Rc5 Rxc5 25. bxc5 Qc7 26. Qb4 f6 27. Nf4 Kf7 {½-½ Isacesco,F-Dujardin,F (2073) Cap d'Agde Cavalier op 2002 (9)}) 13... b5 14. Ne5 Rfc8 15. f4 Qc7 16. Rac1 Nxe5 17. dxe5 Ne4 18. Nxe4 Qxc1 19. Ng5 Qc2 20. Qd4 Rc4 21. Qb6 Qc3 22. Nxf7 Kxf7 23. Qb7+ Rc7 24. Qxa8 Qxe3+ 25. Kh1 Rc1 26. Qb7+ Kg6 27. f5+ 0-1

[Event "IV Niterói Chess Open 2024"]
[Site "Rio de Janeiro"]
[Date "2024.08.29"]
[Round "3"]
[Board "1"]
[White "Mekhitarian, Krikor Sevag"]
[Black "Lage, Pedro Ferreira"]
[Result "1-0"]
[WhiteElo "2560"]
[BlackElo "2132"]
[Annotator "Chessbase"]
[PlyCount "75"]
[EventDate "2024.08.28"]
[EventRounds "7"]
[EventCountry "BRA"]

1. d4 d5 2. c4 c6 3. Nf3 Nf6 4. e3 Bf5 5. Nc3 e6 6. Nh4 Bg4 7. Qb3 Qb6 8. h3 Bh5 9. g4 Bg6 10. Nxg6 hxg6 11. g5 Ng8 12. Bd2 Nd7 13. Qc2 Ne7 14. O-O-O Nf5 15. Kb1 Be7 16. Rg1 $146 ({RR} 16. cxd5 cxd5 17. e4 dxe4 18. d5 Nc5 19. Na4 Nxa4 20. Qxa4+ Kf8 21. dxe6 Qxe6 22. Bc4 Qc6 23. Bb5 {½-½ Lazarev,V (2399)-Oliveira,L (2162) Figueira da Foz op 8th 2014 (5)}) 16... Rh5 17. f4 dxc4 18. Bc1 O-O-O 19. Ne4 Kb8 20. Qxc4 Qa5 21. Bd2 Qc7 22. Rc1 Nb6 23. Qb3 Nd5 24. Nc5 Qb6 25. Qa3 Bxc5 26. Rxc5 Qc7 27. e4 Nxf4 28. exf5 Rxd4 29. Be3 Rd8 30. Rc4 Nd5 31. Bxa7+ Kc8 32. fxe6 fxe6 33. Bc5 Qh2 34. Qg3 Qd2 35. Rc2 Qd1+ 36. Rc1 Qa4 37. Be2 Rh4 38. Bg4 1-0

[Event "IV Niterói Chess Open 2024"]
[Site "Rio de Janeiro"]
[Date "2024.08.28"]
[Round "1"]
[Board "30"]
[White "Santiago, Mauro"]
[Black "Souza, Iago Henrique Da Silva"]
[Result "0-1"]
[WhiteElo "1711"]
[BlackElo "2036"]
[Annotator "Chessbase"]
[PlyCount "34"]
[EventDate "2024.08.28"]
[EventRounds "7"]
[EventCountry "BRA"]

1. d4 d5 2. c4 c6 3. Nc3 Nf6 4. Nf3 dxc4 5. e4 b5 6. Qc2 a6 7. Bg5 ({RR} 7. Be2 Bg4 8. O-O e6 9. b3 cxb3 10. axb3 Nbd7 11. Ne5 Bxe2 12. Nxe2 c5 13. Nxd7 Nxd7 14. Bb2 Rc8 15. d5 Qb6 16. dxe6 Qxe6 17. Nf4 Qh6 18. Nd5 Bd6 19. e5 Nxe5 20. Rfe1 O-O 21. Bxe5 Bxe5 {1-0 Bluebaum,M (2661)-Gunina,V (2476) Titled Tue 3rd Jan Early 2023 (6)}) 7... Nbd7 $146 ({RR} 7... Bg4 8. Ne5 Bh5 9. Be3 e6 10. h3 Bb4 11. g4 Bg6 12. Nxg6 hxg6 13. Bg2 O-O 14. O-O Nbd7 15. Rad1 Qc7 16. f4 Rad8 17. Qf2 c5 18. d5 e5 19. f5 Qd6 20. Qh4 Bxc3 21. bxc3 b4 22. g5 {0-1 Pastir,S (2143)-Juhar,R (2192) SVK-chT2D 14/15 2014 (2.1)}) ({RR} 7... g6 8. Rd1 Bg7 9. Be2 O-O 10. O-O Bb7 11. h4 Nbd7 12. e5 Nd5 13. h5 Nxc3 14. bxc3 Qe8 15. Nh4 e6 16. Qd2 c5 17. Qf4 cxd4 18. cxd4 f6 19. exf6 Bxf6 20. Bh6 Bg7 21. Qe3 Bxh6 22. Qxh6 {0-1 Tamasi,A (2280)-Molnar,B (2340) Hajduboszormeny op 1995 (2)}) 8. Rd1 Bb7 9. Ne5 h6 10. Bh4 g5 11. Bg3 Qa5 12. a3 Rd8 13. Be2 Bg7 14. Nxf7 Kxf7 15. e5 e6 16. exf6 Nxf6 17. h4 c5 0-1

[Event "IV Niterói Chess Open 2024"]
[Site "Rio de Janeiro"]
[Date "2024.09.01"]
[Round "7"]
[Board "35"]
[White "Pimenta, Jeronimo Marques"]
[Black "Videira, Matheus Martins"]
[Result "1-0"]
[WhiteElo "2047"]
[BlackElo "1830"]
[Annotator "Chessbase"]
[PlyCount "63"]
[EventDate "2024.08.28"]
[EventRounds "7"]
[EventCountry "BRA"]

1. d4 d5 2. c4 c6 3. Nf3 Bf5 4. Nc3 Nf6 5. e3 dxc4 6. Bxc4 e6 7. O-O Be7 8. a4 ({RR} 8. Re1 O-O 9. e4 Bg4 10. Be3 Nbd7 11. h3 Bh5 12. Be2 Bg6 13. e5 Nd5 14. Nxd5 cxd5 15. Bd3 Rc8 16. Bxg6 fxg6 17. Qa4 Nb6 18. Qxa7 Qc7 19. Qa5 Ra8 20. Qd2 Nc4 21. Qe2 Qb6 22. b3 Na3 {1-0 Grandelius,N (2663)-Fedoseev,V (2687) Titled Arena Mar 6th blitz 2021}) 8... a5 9. Qb3 $146 ({RR} 9. Qe2 Bg4 10. e4 Bxf3 11. gxf3 Qxd4 12. e5 Nd5 13. Bxd5 exd5 14. f4 Qb6 15. Qg4 O-O 16. f5 Re8 17. Bh6 Bf8 18. Bxg7 Qb4 19. f4 Bxg7 20. f6 Qf8 21. Kh1 Kh8 22. fxg7+ Qxg7 23. Qh4 Re6 {1-0 Nuin Goni,J (2025)-Salas Viralta,J (1830) Terrassa op-B 1996 (5)}) ({RR} 9. Re1 O-O 10. e4 Bg6 11. Bg5 Na6 12. Ne5 Nb4 13. Rc1 Nd7 14. Bxe7 Qxe7 15. Nxg6 hxg6 16. d5 Nf6 17. d6 Qd7 18. e5 Nfd5 19. f4 Nxf4 20. Qg4 Nfd3 21. Qh3 Nxe1 22. Rxe1 Rae8 23. Re4 f6 {0-1 Hehir,M (2009)-Uber Gracia,H (2220) Titled Tue 11th Jun Early 2024 (2)}) 9... Qc7 10. Re1 O-O 11. e4 Bg6 12. Bg5 h6 13. Bh4 Re8 14. Rac1 Nfd7 15. e5 Bxh4 16. Nxh4 Bh7 17. Ne4 Bxe4 18. Rxe4 Nb6 19. Rc3 Nxc4 20. Qxc4 Nd7 21. Rg4 Nb6 22. Qe2 Kh8 23. Rcg3 Rg8 24. Qc2 g5 25. Nf3 Qd8 26. h4 Rg7 27. hxg5 hxg5 28. Rxg5 Rxg5 29. Nxg5 Qg8 30. Qe4 Qg7 31. Nxf7+ Qxf7 32. Qh4+ 1-0

[Event "IV Niterói Chess Open 2024"]
[Site "Rio de Janeiro"]
[Date "2024.08.31"]
[Round "6"]
[White "Santiago, Yago De Moura"]
[Black "Matsuura, Everaldo"]
[Result "1-0"]
[WhiteElo "2455"]
[BlackElo "2365"]
[Annotator "Chessbase"]
[PlyCount "92"]
[EventDate "2024.08.28"]
[EventRounds "7"]
[EventCountry "BRA"]

1. d4 d5 2. c4 c6 3. Nf3 Nf6 4. Nc3 dxc4 5. e4 b5 6. Qc2 e6 7. Be2 Bb7 8. O-O Nbd7 9. b3 b4 10. e5 Nd5 11. Nxd5 ({RR} 11. Bg5 Qc7 12. Nxd5 cxd5 13. bxc4 dxc4 14. Bxc4 h6 15. Bh4 g5 16. Bg3 Be7 17. Rac1 h5 18. Qb3 Qb6 19. d5 Nc5 20. Qb1 exd5 21. Be2 h4 22. Nd4 hxg3 23. Bb5+ Kf8 24. Qf5 Ne6 25. fxg3 Qxd4+ {1-0 Bluebaum,M (2658)-Holt,C (2540) Titled Tue 13th Feb Late 2024 (6)}) 11... cxd5 12. bxc4 dxc4 13. Bxc4 $146 ({RR} 13. Qxc4 Be7 14. d5 Bxd5 15. Qg4 Bxf3 16. Qxf3 O-O 17. Qg3 Qc7 18. Bf4 Rfd8 19. Rac1 Qa5 20. Bc4 Nf8 21. h4 Ng6 22. h5 Nxf4 23. Qxf4 Rac8 24. h6 g6 25. Bb3 Rc3 26. Rcd1 Qc7 27. Rxd8+ Qxd8 {0-1 Bluebaum,M (2664)-Holt,C (2553) Titled Tuesday intern op 30th Aug Late blitz 2022 (8)}) 13... Rc8 14. Qe2 Be7 15. d5 exd5 16. Bd3 Nc5 17. Bb5+ Bc6 18. Bxc6+ Rxc6 19. Nd4 Rc8 20. Nf5 Ne6 21. Rd1 O-O 22. Rxd5 Qc7 23. Qd1 Rfd8 24. Nd6 Bxd6 25. exd6 Qd7 26. Bb2 Rc6 27. Be5 Rdc8 28. h3 Rc5 29. Bg3 a5 30. Rxc5 Rxc5 31. Rc1 Rxc1 32. Qxc1 h6 33. Qc4 Nf8 34. Qd5 a4 35. Qc4 Qb7 36. Be5 b3 37. axb3 axb3 38. Bb2 Nd7 39. Kh2 Nf8 40. Kg1 Qd7 41. Qc3 Ne6 42. Qe5 f6 43. Qd5 Kh8 44. Ba3 Nd8 45. Qxb3 Ne6 46. Qd5 Nf8 1-0

[Event "IV Niterói Chess Open 2024"]
[Site "Rio de Janeiro"]
[Date "2024.08.30"]
[Round "4"]
[Board "12"]
[White "Nascimento, Kaio Vinicius Da Trindade"]
[Black "Silva, Caio Henrique Angelico"]
[Result "1/2-1/2"]
[WhiteElo "1693"]
[BlackElo "2122"]
[Annotator "Chessbase"]
[PlyCount "25"]
[EventDate "2024.08.28"]
[EventRounds "7"]
[EventCountry "BRA"]

1. d4 d5 2. c4 dxc4 3. e4 Nf6 4. e5 Nd5 5. Bxc4 Nb6 6. Bb3 Nc6 7. Ne2 Bf5 8. Nbc3 e6 9. O-O Qd7 10. Be3 Be7 ({RR} 10... O-O-O 11. Bc2 Bxc2 12. Qxc2 Kb8 13. a3 f6 14. Rfd1 Ne7 15. Nf4 Nbd5 16. Rac1 c6 17. exf6 gxf6 18. Ne4 Nxe3 19. fxe3 Nd5 20. Qf2 f5 21. Nxd5 exd5 22. Ng3 Bd6 23. Nxf5 Rdf8 24. Rf1 Bc7 25. Rce1 {1-0 Kramnik,V (2760)-Karjakin,S (2770) Sochi Tal Memorial Blitz 2014 (1)}) 11. Rc1 ({RR} 11. Ng3 Bg6 12. Qe2 O-O 13. Rfd1 Nb4 14. Rac1 N4d5 15. Qg4 Nxe3 16. fxe3 c6 17. h4 h6 18. Nh5 Nd5 19. Nxd5 cxd5 20. Bc2 Bxh5 21. Qxh5 Qd8 22. g3 Rc8 23. Qe2 f5 24. exf6 Bxf6 25. Qd3 Qd6 {1-0 Manucharyan,A (2080)-Smits,E (1918) Reykjavik Open 2024 (8.69)}) 11... Bg6 $146 ({RR} 11... Rd8 12. Ng3 Bg6 13. d5 Nxd5 14. Nxd5 exd5 15. f4 f5 16. exf6 gxf6 17. f5 Bf7 18. Nh5 Rg8 19. Nf4 Qxf5 20. Qe2 Qe5 21. Kh1 Rg7 22. Nd3 Qe4 23. Rf4 Qe6 24. Qf2 Ne5 25. Nc5 Bxc5 26. Bxc5 {0-1 Zuferi,E (2332)-Guliyev,N (2542) 2nd Bundesliga Sud 2223 2022 (4.5)}) ({RR} 11... Na5 12. Bc2 Bxc2 13. Qxc2 Nac4 14. Ne4 Nxe3 15. fxe3 Nd5 16. Rf3 c6 17. Nf4 Nxf4 18. Rxf4 O-O 19. Nf6+ Bxf6 20. exf6 Qd6 21. fxg7 Kxg7 22. Qf2 Qe7 23. Rf1 f5 24. Qg3+ Kh8 25. Qf3 Rf6 26. Kh1 {0-1 Barreto Filho,C (2346)-Macedo,M (2334) Natal Potiguar-ch op 2010 (8)}) ({RR} 11... Rd8 12. Ng3 Bg6 13. Qf3 O-O 14. Rfd1 Na5 15. Bc2 Bxc2 16. Rxc2 Nc6 17. Nh5 f5 18. exf6 Bxf6 19. Ne4 Nd5 20. Qg4 Qf7 21. a3 Be7 22. h3 Qg6 23. Qxg6 hxg6 24. Nhg3 e5 25. Rcd2 exd4 26. Bxd4 {½-½ Polovodin,I (2468)-Danielian,E (2353) Novgorod op 1999 (5)}) 12. a3 Na5 13. Na4 1/2-1/2

[Event "IV Niterói Chess Open 2024"]
[Site "Rio de Janeiro"]
[Date "2024.08.29"]
[Round "2"]
[Board "41"]
[White "Moreira, Everaldo Bonifacio"]
[Black "Dos Santos, Leonardo Lopes"]
[Result "0-1"]
[WhiteElo "1709"]
[BlackElo "1860"]
[Annotator "Chessbase"]
[PlyCount "74"]
[EventDate "2024.08.28"]
[EventRounds "7"]
[EventCountry "BRA"]

1. c4 e6 2. e4 d5 3. exd5 exd5 4. d4 dxc4 5. Bxc4 Nf6 6. Nf3 Bb4+ 7. Bd2 ({RR} 7. Nc3 Qe7+ 8. Ne5 O-O 9. O-O Be6 10. Bg5 h6 11. Bh4 Bxc4 12. Nxc4 Qe6 13. d5 Qf5 14. Ne3 Qg6 15. Qd4 c5 16. Qf4 Nbd7 17. Rfe1 Kh8 18. Nf5 Bxc3 19. Ne7 Qh5 20. bxc3 g5 21. Bxg5 Qxg5 {0-1 Pastar,S (2330)-Sukandar,I (2397) Lisbon Portugal rapid op 2019 (4)}) ({RR} 7. Nbd2 O-O 8. O-O Nc6 9. Nb3 Bg4 10. h3 Bh5 11. a3 Bd6 12. Be3 h6 13. Re1 Ne7 14. Be2 Ned5 15. Bd2 Re8 16. Ne5 Bxe2 17. Rxe2 c6 18. Qc2 Qc7 19. Rae1 Re7 20. Nd3 Rae8 21. Rxe7 Rxe7 {0-1 Adebowale Festus (1797)-Ogunlana Jimi (2176) South West Chess Lagos 2023 (1.9)}) 7... Bxd2+ 8. Qxd2 O-O 9. O-O Re8 $146 ({RR} 9... Nbd7 10. Nc3 Nb6 11. Bb3 c6 12. Rad1 Bg4 13. Qd3 Re8 14. Ne5 Bh5 15. h3 Nbd5 16. g4 Bg6 17. Nxg6 hxg6 18. Rde1 Qd7 19. Qd2 Rad8 20. f4 Nc7 21. Rxe8+ Rxe8 22. f5 gxf5 23. Rxf5 Ncd5 24. Qg5 {1-0 Alcala Gonzalez,C (1557)-Elizondo Marquet,J (1887) Barcelona Sant Marti op-B 19th 2017 (8)}) 10. Nc3 Bg4 11. Be2 Nc6 12. Rad1 Ne4 13. Nxe4 Rxe4 14. Rfe1 Bxf3 15. Bxf3 Rxe1+ 16. Rxe1 Qf6 17. Bxc6 bxc6 18. g3 h6 19. b3 Qf3 20. Re2 Rd8 21. Qe3 Qxe3 22. Rxe3 Rxd4 23. a4 Kf8 24. Kg2 Rd2 25. h4 c5 26. Re4 Rd4 27. Rxd4 cxd4 28. Kf3 Ke7 29. Ke4 Ke6 30. g4 g6 31. g5 f5+ 32. gxf6 Kxf6 33. Kd5 h5 34. Ke4 g5 35. hxg5+ Kxg5 36. f4+ Kf6 37. f5 h4 0-1